00716nam a2200205 a 450000100100000000500170001000800410002702000150006804000250008308200150010810000440012324500480016726000470021530000210026249000410028383000470032404900090037195201130038099900170049300002564620200930023936.0110216s1991 sp r 000 |aspa d a1563280035 aDO-SdBNPbspacBNPHU axxxbR696e1 aRodríguez Cordero, Luz Idalia,95238110aEntonces /cLuz Idalia Rodríguez Cordero. aRío Piedras, P.R. :bPlaza Mayor,c1991. a61 p. ;c21 cm..1 aBiblioteca de Autores de Puerto Rico 0aBiblioteca de Autores de Puerto Rico99722 aBNGR 001050718MOaGRbGRcCTd2011-02-18iLF1l0oxxx R696ep25646-10r2020-06-25w2020-06-25y1ZNo se presta c25138d25138